[Event "DEN-ch"]
[Site "Elsinore"]
[Date "2012.04.07"]
[Round "8"]
[White "Hansen, Sune Berg"]
[Black "Rasmussen, Allan Stig"]
[Result "1/2-1/2"]
[WhiteElo "2572"]
[BlackElo "2505"]
[PlyCount "37"]
[EventDate "2012.03.31"]
[EventType "tourn"]
[EventRounds "9"]
[EventCountry "DEN"]
[EventCategory "9"]
[Source "ChessBase"]
[SourceDate "2012.04.24"]

1. d4 Nf6 2. c4 e6 3. Nc3 Bb4 4. e3 c5 5. Nge2 b6 6. a3 Ba5 7. Rb1 Na6 8. g3
Bb7 9. d5 b5 10. Bg2 bxc4 11. e4 O-O 12. O-O exd5 13. exd5 d6 14. Bg5 h6 15.
Bxf6 Qxf6 16. Qa4 Qd8 17. Qxc4 Nc7 18. b4 cxb4 19. axb4 1/2-1/2

[Event "DEN-ch"]
[Site "Elsinore"]
[Date "2012.04.06"]
[Round "7"]
[White "Schandorff, Lars"]
[Black "Hansen, Sune Berg"]
[Result "1/2-1/2"]
[WhiteElo "2494"]
[BlackElo "2572"]
[PlyCount "125"]
[EventDate "2012.03.31"]
[EventType "tourn"]
[EventRounds "9"]
[EventCountry "DEN"]
[EventCategory "9"]
[Source "ChessBase"]
[SourceDate "2012.04.24"]

1. d4 Nf6 2. c4 e6 3. Nc3 Bb4 4. e3 O-O 5. Nge2 d5 6. a3 Bd6 7. Ng3 dxc4 8.
Bxc4 c5 9. dxc5 Bxc5 10. O-O Nbd7 11. b4 Be7 12. Bb2 a5 13. Qb3 axb4 14. axb4
Rxa1 15. Rxa1 Nb6 16. Be2 Bd7 17. b5 Qb8 18. Nce4 Nbd5 19. Nxf6+ Nxf6 20. Rd1
Rd8 21. Bf3 Be8 22. Rxd8 Bxd8 23. Qb4 h6 24. Ne4 Nxe4 25. Bxe4 Bc7 26. g3 Bd6
27. Qc3 e5 28. b6 Bd7 29. Qd3 Bh3 30. Qd5 Be6 31. Qxb7 Qxb7 32. Bxb7 Bc5 33.
Bxe5 Bxb6 34. Kg2 Bc5 35. Kf3 Bb4 36. Bd4 Be1 37. e4 Bd2 38. Bd5 Bd7 39. Ke2
Ba5 40. f4 g6 41. Kd3 Bb5+ 42. Bc4 Bd7 43. Ba6 Bc6 44. g4 Bc7 45. Ke3 g5 46.
fxg5 hxg5 47. h3 Kh7 48. Bc4 Kg6 49. e5 Bb7 50. Bd3+ Kh6 51. Be4 Ba6 52. Bd3
Bb7 53. Be4 Ba6 54. Bc6 Bc4 55. Ke4 Kg6 56. Be8 Be6 57. Bc5 Bd8 58. Bf8 Kh7 59.
Bc6 f6 60. Bc5 Kg7 61. Bd4 fxe5 62. Bxe5+ Bf6 63. Bd5 1/2-1/2